Разработка программного модуля для преобразования сложносоставных текстовых и графических данных в стандартный язык разметки документов HTML (на примере текстового редактора Microsoft Office Word); Технологии Microsoft в теории и практике программирования
| Parent link: | Технологии Microsoft в теории и практике программирования.— 2015.— [С. 224-225] |
|---|---|
| Autor Principal: | |
| Autor Corporativo: | |
| Outros autores: | |
| Summary: | Заглавие с титульного листа. Solving the problems of filling the question banks for the quality assurance center. Development of a software module for converting complexly arranged text and image data into standard makeup language documents HTML. |
| Idioma: | ruso |
| Publicado: |
2015
|
| Series: | Технологии разработки и проектирования информационных систем |
| Subjects: | |
| Acceso en liña: | http://earchive.tpu.ru/handle/11683/23776 http://www.lib.tpu.ru/fulltext/c/2015/C28/101.pdf |
| Formato: | MixedMaterials Electrónico Capítulo de libro |
| KOHA link: | https://koha.lib.tpu.ru/cgi-bin/koha/opac-detail.pl?biblionumber=614609 |
MARC
| LEADER | 00000naa2a2200000 4500 | ||
|---|---|---|---|
| 001 | 614609 | ||
| 005 | 20231101132821.0 | ||
| 035 | |a (RuTPU)RU\TPU\conf\12779 | ||
| 035 | |a RU\TPU\conf\12777 | ||
| 090 | |a 614609 | ||
| 100 | |a 20151002d2015 k y0rusy50 ca | ||
| 101 | 0 | |a rus |d eng | |
| 102 | |a RU | ||
| 105 | |a y z 100zy | ||
| 135 | |a drcn ---uucaa | ||
| 181 | 0 | |a i | |
| 182 | 0 | |a b | |
| 200 | 1 | |a Разработка программного модуля для преобразования сложносоставных текстовых и графических данных в стандартный язык разметки документов HTML (на примере текстового редактора Microsoft Office Word) |f А. А. Соболев |g науч. рук. О. В. Марухина | |
| 203 | |a Текст |c электронный | ||
| 225 | 1 | |a Технологии разработки и проектирования информационных систем | |
| 230 | |a 1 компьютерный файл (pdf; 196 Кб) | ||
| 300 | |a Заглавие с титульного листа. | ||
| 320 | |a [Библиогр.: с. 225 (3 назв.)] | ||
| 330 | |a Solving the problems of filling the question banks for the quality assurance center. Development of a software module for converting complexly arranged text and image data into standard makeup language documents HTML. | ||
| 337 | |a Adobe Reader | ||
| 463 | 1 | |0 (RuTPU)RU\TPU\conf\19196 |t Технологии Microsoft в теории и практике программирования |o сборник трудов XII Всероссийской научно-практической конференции студентов, аспирантов и молодых ученых, г.Томск, 25-26 марта 2015 г. |f Национальный исследовательский Томский политехнический университет (ТПУ), Институт кибернетики ; ред. кол. А. В. Лиепиньш [и др.] |v [С. 224-225] |d 2015 | |
| 610 | 1 | |a электронный ресурс | |
| 610 | 1 | |a труды учёных ТПУ | |
| 610 | 1 | |a программные модули | |
| 610 | 1 | |a текстовые данные | |
| 610 | 1 | |a графические данные | |
| 610 | 1 | |a HTML | |
| 610 | 1 | |a текстовые редакторы | |
| 610 | 1 | |a изображения | |
| 700 | 1 | |a Соболев |b А. А. | |
| 702 | 1 | |a Марухина |b О. В. |c специалист в области оценки качества образования |c доцент Томского политехнического университета, кандидат технических наук |f 1974- |g Ольга Владимировна |2 stltpush |4 727 | |
| 712 | 0 | 2 | |a Национальный исследовательский Томский политехнический университет (ТПУ) |b Институт кибернетики (ИК) |b Кафедра оптимизации систем управления (ОСУ) |h 127 |2 stltpush |3 (RuTPU)RU\TPU\col\18702 |
| 801 | 2 | |a RU |b 63413507 |c 20210205 |g RCR | |
| 856 | 4 | |u http://earchive.tpu.ru/handle/11683/23776 | |
| 856 | 4 | |u http://www.lib.tpu.ru/fulltext/c/2015/C28/101.pdf | |
| 942 | |c BK | ||